• 首页
  • 本馆介绍
  • 公告通知
  • 最新文献
  • 馆藏检索
  • 电子资源
  • 读者导购
  • 参考咨询
  • 我的图书馆
  • 登录
  • 详细信息显示
  • 放入我的书架
  • 预约/预借图书
  • 作者相关作品
  • 分类相关作品
  • 丛书相关作品
  • 出版社相关作品

书目信息

  • 表格格式
  • 工作单格式
  • 卡片格式
题名:
干酪
    
 
作者: 郭本恒 主编
分册:  
出版信息: 北京   化学工业出版社  2004
页数: 381页
开本: 26cm
丛书名: 现代乳品加工技术丛书
单 册:
中图分类: TS252.53
科图分类:
主题词: 干酪--食品工业 , 干酪 , 食品加工
电子资源:
ISBN: 7-5025-4886-6
000 00992oam2 2200277 450
001 012007687875
005 20070523091554.09
010    @a7-5025-4886-6@dCNY58.00
100    @a20070515d2004 km y0chiy0120 ea
101 0  @achi
102    @aCN@b110000
105    @ac z 000yy
106    @ar
200 1  @a干酪@AGan Lao@f郭本恒主编@Fguo ben heng zhu bian
210    @a北京@c化学工业出版社@d2004
215    @a381页@c照片@d26cm
225 2  @a现代乳品加工技术丛书
330    @a本书介绍干酪科学及干酪生产技术,分为两大部分。第一部分主要介绍干酪生产技术,包括工艺流程、操作要点、生产原理与技术、生产设备、产品质量标准和质量控制等方面。第二部分主要介绍干酪科学,包括干酪凝乳酶科学,干酪发酵剂科学,干酪成熟的微生物学、干酪风味等方面。
461  0 @12001 @a现代乳品加工技术丛书
606 0  @a干酪@x食品工业
606 0  @a干酪
606 0  @a食品加工
690    @aTS252.53@v4
701  0 @a郭本恒@Aguo ben heng@c(乳品工业)@4主编
801  0 @aCN@bRULIN@c20070523
905    @dTS252.53@e81@s10
    
    干酪/郭本恒主编.-北京:化学工业出版社,2004
    381页:照片;26cm.-(现代乳品加工技术丛书)
    
    
    ISBN 7-5025-4886-6:CNY58.00
    本书介绍干酪科学及干酪生产技术,分为两大部分。第一部分主要介绍干酪生产技术,包括工艺流程、操作要点、生产原理与技术、生产设备、产品质量标准和质量控制等方面。第二部分主要介绍干酪科学,包括干酪凝乳酶科学,干酪发酵剂科学,干酪成熟的微生物学、干酪风味等方面。
●
相关链接 在E读中查询图书 在五车中查询图书 在当当中查询图书 在豆瓣中查询图书


正题名:干酪     索取号:TS252.53/81         预约/预借

序号 登录号 条形码 馆藏地/架位号 状态 备注
1 0576764   205767641   第二样本阅览室/ [索取号:TS252.53/81] 在馆    
2 0576765   205767650   第三借阅区/ [索取号:TS252.53/81] 在馆    
3 0576766   205767669   第三借阅区/ [索取号:TS252.53/81] 在馆    
4 0576767   205767678   第三借阅区/ [索取号:TS252.53/81] 在馆    
5 0576768   205767687   第三借阅区/ [索取号:TS252.53/81] 在馆    
6 0576769   205767696   第三借阅区/ [索取号:TS252.53/81] 在馆    
7 0576770   205767703   第三借阅区/ [索取号:TS252.53/81] 在馆    
8 0576771   205767712   第三借阅区/ [索取号:TS252.53/81] 在馆    
9 0576772   205767721   第三借阅区/ [索取号:TS252.53/81] 在馆    
10 0576773   205767730   第三借阅区/ [索取号:TS252.53/81] 在馆    
唐山师范学院图书馆 欢迎您!
大连网信软件有限公司© 版权所有